| 000 | 00434nam a2200181Ia 4500 | ||
|---|---|---|---|
| 003 | GCL | ||
| 008 | 140319s9999 xx 000 0 eng d | ||
| 040 |
_aGCL / _cGCL |
||
| 082 | 0 | 4 |
_a843 _bM M |
| 100 | 1 | _aMORAND, POUL | |
| 245 | 1 | 0 |
_aMAGIE NOIRE / _cMORAND, POUL |
| 260 |
_a[S.N] : _bBERNARD GRASSET ، _c1928 |
||
| 300 | _a227 P | ||
| 650 | 0 | 4 | _aLITERATURE |
| 650 | 0 | 4 | _aFICTION |
| 650 | 0 | 4 | _aFRENCH LITERATURE |
| 942 |
_2ddc _cBK |
||
| 999 |
_c24912 _d24912 |
||